00617nam a22001937a 450000500170000001000150001703500140003203700090004608200110005510000290006624501140009526000430020927000590025230000190031150000200033070000290035094200250037999900190040420250116111546.0 aENG-143486 aEN-127018 bDBAD a353.36 aRai Vikash Narain976671 aIntegrated Police training;bAn outline of capacity Building response to field Challenges/cVikash narain rai aHyderabadbSVP National police Academy bHyderabadaShivrampalli Hyderabade500052k04024015151 a120 p. c22 cm aPolice Training aVikash narain rai976612 2ddccENmBruh370.15 c208547d208547